=LDR 00000nam 2200000 4500 =001 INLIS000000000000041 =005 20150113141430.0 =006 =007 =008 Ind =035 ##$$0010-061300000000041 =041 ##$$a Ind =082 ##$$a 909.829 =090 ##$$a 909.829 Mal m =100 ##$$a Malik, R.Abdul =245 ##$$a Mistri al-muaisim / R.Abdul Malik =260 ##$$aJakarta$bPustaka Karya Grafikatama$c1990 =300 ##$$a 140 hlm. ; 21 cm =650 ##$$a Peristiwa =650 ##$$a Islam =850 ##$$a NBPDMAT